It looks like you're offline.
Open Library logo
additional options menu

MARC record from Internet Archive

LEADER: 01522cam 2200457 a 4500
001 ocm10377059
003 OCoLC
005 20220221231746.0
008 840206m19779999enka 000 0 eng d
040 $aEQP$beng$cEQP$dNLE$dOCLCQ$dOCLCF$dOCLCQ$dOCLCO
015 $aGB7724172$2bnb
015 $aGB7825098$2bnb
015 $aGB7724173$2bnb
019 $a52022795$a877068610$a877068611$a877068679
020 $a0723107432$q(v. 1)
020 $a9780723107439$q(v. 1)
020 $a0723107440$q(v. 2)
020 $a9780723107446$q(v. 2)
020 $a0723107459$q(v. 3)
020 $a9780723107453$q(v. 3)
020 $a0723107467$q(v. 4)
020 $a9780723107460$q(v. 4)
020 $a072310820X$q(v. 5)
020 $a9780723108207$q(v. 5)
035 $a(OCoLC)10377059$z(OCoLC)52022795$z(OCoLC)877068610$z(OCoLC)877068611$z(OCoLC)877068679
050 14 $aQA39.2
082 04 $a510$218
100 1 $aBolt, R. L.$q(Ronald Leonard),$d1918-
245 10 $aMathematics to sixteen /$cby R.L. Bolt and C. Reynolds.
260 $aLondon :$bUniversity Tutorial Press,$c1977-
300 $avolumes :$billustrations ;$c22 cm
336 $atext$btxt$2rdacontent
337 $aunmediated$bn$2rdamedia
338 $avolume$bnc$2rdacarrier
500 $aWith answers.
500 $aAlso available without answers.
650 0 $aMathematics.
650 7 $aMathematics.$2fast$0(OCoLC)fst01012163
700 1 $aReynolds, C.$q(Charles),$d1928-
994 $aZ0$bP4A
948 $hNO HOLDINGS IN P4A - 11 OTHER HOLDINGS